000
00316nam a2200145Ia 4500
008
180921t xxu||||| |||| 00| 0 eng d
041
_a
eng
080
_a
663.5
_b
WIL
245
_a
Wild turkey
300
_a
8p., 10 cm
650
_a
Bourbon
942
_c
BK
999
_c
18651
_d
18651
003
LK-CoDNM
040
_a
LK-CoDNM
_d
LK-CoDNM
_e
LK-CoDNM